[Event "SR 5. liga SE-SI 2017/2018"]
[Site "?"]
[Date "2017.11.18"]
[Round "3.1"]
[White "Kiss, Andrej"]
[Black "Horak, Viliam"]
[Result "1-0"]
[WhiteElo "1715"]
[BlackElo "1210"]
[PlyCount "111"]
[EventDate "2017.??.??"]

1. e4 e5 2. Nf3 Nc6 3. d4 exd4 4. Nxd4 Bc5 5. Nxc6 dxc6 6. Qxd8+ Kxd8 7. Bc4
Be6 8. Bg5+ Ne7 9. Bxe6 fxe6 10. Nd2 Rf8 11. f3 h6 12. Bh4 g5 13. Bg3 Kd7 14.
Rd1 Kc8 15. Ke2 Ng6 16. Nc4 b5 17. Na5 Ne7 18. Rd3 Bb6 19. b4 Bxa5 20. bxa5 Ng6
21. a6 Rb8 22. Rhd1 Rb6 23. Ra3 c5 24. Bf2 Rc6 25. Ra5 Rd8 26. Rxd8+ Kxd8 27.
a4 bxa4 28. Bxc5 Kc8 29. Kd1 Kb8 30. Be3 Rc4 31. g3 Rb4 32. Kc1 Rc4 33. Rb5+
Kc8 34. Rb7 a3 35. Kb1 Ra4 36. Rxa7 a2+ 37. Ka1 Ne7 38. Ra8+ Kd7 39. a7 Nc6 40.
c3 Kd6 41. f4 gxf4 42. gxf4 h5 43. f5 Ke7 44. Bc5+ Kf6 45. Rf8+ Kg7 46. a8=Q
Rxa8 47. Rxa8 exf5 48. exf5 Ne5 49. Bd4 Kf6 50. Re8 c5 51. Bxe5+ Kxf5 52. Kxa2
Kg4 53. Kb3 h4 54. Bg3 hxg3 55. hxg3 Kxg3 56. Rf8 1-0

[Event "SR 5. liga SE-SI 2017/2018"]
[Site "?"]
[Date "2017.11.18"]
[Round "3.1"]
[White "Datko, Jan"]
[Black "Knapek, Adrian"]
[Result "0-1"]
[WhiteElo "1189"]
[BlackElo "1000"]
[PlyCount "130"]
[EventDate "2017.??.??"]

1. e4 e5 2. Nf3 d6 3. Bc4 h6 4. O-O Nf6 5. Re1 Be7 6. Nc3 c6 7. d4 O-O 8. dxe5
dxe5 9. Nxe5 Qc7 10. Nf3 Rd8 11. Qe2 b5 12. Bb3 a6 13. Be3 c5 14. a3 c4 15. Ba2
Bd6 16. h3 Bb7 17. Bd2 Nfd7 18. Nd5 Qc8 19. Ba5 Re8 20. Qd2 Nc6 21. Nb6 Nxb6
22. Qxd6 Rd8 23. Qc5 Nd7 24. Qh5 Nxa5 25. Rad1 Nf6 26. Qf5 Qxf5 27. exf5 Rxd1
28. Rxd1 Be4 29. Nd4 Rd8 30. c3 Nc6 31. g4 Nxd4 32. cxd4 Bd3 33. b3 Rxd4 34.
bxc4 bxc4 35. Bxc4 Rxc4 36. Rxd3 Ne4 37. Kg2 Rc2 38. Rf3 Rc3 39. Rf4 Nc5 40. a4
Rd3 41. Rf3 Rxf3 42. Kxf3 Nxa4 43. Ke3 f6 44. f4 Kf7 45. h4 Nb6 46. Kd4 a5 47.
g5 a4 48. Kc3 Ke7 49. Kb4 Kd6 50. Kc3 Kd5 51. Kd3 Kc5 52. Kc3 Nd5+ 53. Kb2 Kb4
54. Ka2 Nc3+ 55. Ka1 Nd1 56. Ka2 a3 57. Kb1 Ne3 58. Ka2 Ka4 59. Ka1 Kb3 60. Kb1
a2+ 61. Kc1 a1=Q+ 62. Kd2 Qc3+ 63. Ke2 Ng4 64. Kd1 Qc2+ 65. Ke1 Kc3 0-1

[Event "SR 5. liga SE-SI 2017/2018"]
[Site "?"]
[Date "2017.11.18"]
[Round "3.2"]
[White "Bartos, Bohumil"]
[Black "Romanova, Ela"]
[Result "1/2-1/2"]
[WhiteElo "1594"]
[BlackElo "1393"]
[PlyCount "37"]
[EventDate "2017.??.??"]

1. d4 d5 2. c4 e6 3. Nc3 Nf6 4. Bg5 Bb4 5. e3 Nc6 6. a3 Bxc3+ 7. bxc3 h6 8.
Bxf6 Qxf6 9. Qf3 Qxf3 10. Nxf3 b6 11. cxd5 exd5 12. Bb5 Bd7 13. Bxc6 Bxc6 14.
Ne5 Bd7 15. Kd2 Bf5 16. Rhc1 f6 17. Nd3 Be6 18. Rab1 O-O 19. Nf4 1/2-1/2

[Event "SR 5. liga SE-SI 2017/2018"]
[Site "?"]
[Date "2017.11.18"]
[Round "3.2"]
[White "Dubanova, Kristina"]
[Black "Harasta, Marian"]
[Result "0-1"]
[WhiteElo "1021"]
[BlackElo "1615"]
[PlyCount "110"]
[EventDate "2017.??.??"]

1. e4 c5 2. Nf3 Nc6 3. Bb5 Qb6 4. Nc3 a6 5. Bc4 Na5 6. Be2 Nf6 7. O-O d6 8. d3
e5 9. Be3 Qxb2 10. Qd2 Qb6 11. Rab1 Qc7 12. Bg5 Be7 13. Bxf6 Bxf6 14. Nd5 Qd8
15. Rfe1 Nc6 16. Rb2 b5 17. Reb1 Be6 18. c4 b4 19. Bd1 O-O 20. Qc1 Nd4 21. Ba4
Nxf3+ 22. gxf3 Bxd5 23. cxd5 Bg5 24. Qc2 Bf4 25. Kf1 Qh4 26. Ke1 Bxh2 27. Ke2
Bf4 28. Ra1 g5 29. Rbb1 Qh5 30. Rh1 Qg6 31. Bd7 f5 32. Bxf5 Rxf5 33. exf5 Qxf5
34. Qa4 Qf7 35. Qc6 Rd8 36. Rag1 a5 37. Rh4 Kf8 38. Rh6 Qd7 39. Rgh1 Qxc6 40.
dxc6 Rc8 41. Rxh7 Rxc6 42. Rh8+ Kg7 43. R1h6 a4 44. R8h7+ Kg8 45. Rd7 a3 46.
Rhh7 e4 47. Ra7 exd3+ 48. Kd1 Be5 49. Rhb7 Rc8 50. Re7 c4 51. Re6 c3 52. Rg6+
Kf8 53. Rh6 g4 54. fxg4 c2+ 55. Kc1 Bf4# 0-1

[Event "SR 5. liga SE-SI 2017/2018"]
[Site "?"]
[Date "2017.11.18"]
[Round "3.2"]
[White "Davidik, Miroslav"]
[Black "Romanova, Ema"]
[Result "1-0"]
[WhiteElo "1400"]
[BlackElo "1000"]
[PlyCount "43"]
[EventDate "2017.??.??"]

1. b4 e6 2. a3 Nc6 3. Bb2 Nge7 4. c4 d5 5. e3 f6 6. f4 Nf5 7. Nf3 Nd6 8. c5 Nf7
9. Bd3 e5 10. Be2 d4 11. exd4 exd4 12. b5 Na5 13. Bxd4 Qe7 14. O-O Bg4 15. h3
Bh5 16. g4 Bg6 17. f5 Bxf5 18. gxf5 Nb3 19. Qxb3 Qxe2 20. Re1 Qxe1+ 21. Nxe1
Nh6 22. Qe6+ 1-0

[Event "SR 5. liga SE-SI 2017/2018"]
[Site "?"]
[Date "2017.11.18"]
[Round "3.2"]
[White "Paksi, Alexander"]
[Black "Krakovsky, Jakub"]
[Result "0-1"]
[WhiteElo "1000"]
[BlackElo "1239"]
[PlyCount "82"]
[EventDate "2017.??.??"]

1. e4 c5 2. Nc3 Nc6 3. Nf3 d6 4. d3 Nf6 5. Be2 g6 6. O-O Bg7 7. b3 O-O 8. Bf4
Nh5 9. Be3 Bxc3 10. Rb1 Bg7 11. Bg5 Nd4 12. Nxd4 Bxd4 13. Bxh5 gxh5 14. Qxh5
Kh8 15. Ra1 Be6 16. Rae1 Rg8 17. Re3 Bxe3 18. fxe3 Qa5 19. Bxe7 Rg6 20. Bxd6
Qd2 21. Be5+ Kg8 22. Rf2 Qxe3 23. Bf4 Qd4 24. Qf3 Rf8 25. Be3 Qa1+ 26. Rf1 Qxa2
27. Bxc5 Rc8 28. Bd4 Rxc2 29. Bf2 Bxb3 30. h3 Qb2 31. Kh1 Rc1 32. Kg1 Rxf1+ 33.
Kxf1 Qa1+ 34. Be1 Rf6 35. Qxf6 Qxf6+ 36. Bf2 a5 37. Kg1 Qc3 38. Kh2 Qxd3 39.
Bg3 Qxe4 40. Bf2 Bd5 41. Kh1 Qxg2# 0-1

[Event "SR 5. liga SE-SI 2017/2018"]
[Site "?"]
[Date "2017.11.18"]
[Round "3.2"]
[White "Parizek, Ondrej"]
[Black "Janota, Frantisek"]
[Result "0-1"]
[WhiteElo "1000"]
[BlackElo "1000"]
[PlyCount "91"]
[EventDate "2017.??.??"]

1. e4 e5 2. Nf3 Nc6 3. Nc3 Nf6 4. Nd5 Bc5 5. Nxf6+ Qxf6 6. d3 d6 7. Bg5 Qe6 8.
Qd2 Bb4 9. c3 Bc5 10. d4 Bb6 11. d5 Qg6 12. dxc6 bxc6 13. Nh4 Qxe4+ 14. Be2 O-O
15. O-O h6 16. Bxh6 Qxh4 17. Qg5 Qxh6 18. Qxh6 gxh6 19. Rfe1 Bf5 20. h3 Bg6 21.
g4 f6 22. h4 f5 23. g5 h5 24. Bf3 e4 25. Be2 e3 26. f3 Rae8 27. Kg2 f4 28. Rad1
c5 29. Bb5 Re7 30. Bc4+ Bf7 31. Bd3 c4 32. Bc2 e2 33. Rd2 Rfe8 34. Ba4 Rd8 35.
Rdxe2 Rxe2+ 36. Rxe2 Kf8 37. Re4 Be8 38. Bxe8 Rxe8 39. Rxf4+ Kg7 40. Rxc4 Re2+
41. Kg3 Rxb2 42. f4 Rxa2 43. f5 Kf7 44. Rf4 Be3 45. Rf3 Re2 46. g6+ 0-1

[Event "SR 5. liga SE-SI 2017/2018"]
[Site "?"]
[Date "2017.11.18"]
[Round "3.3"]
[White "Ocko, Martin"]
[Black "Wallner, Juraj"]
[Result "1-0"]
[WhiteElo "1989"]
[BlackElo "1606"]
[PlyCount "59"]
[EventDate "2017.??.??"]

1. d4 d5 2. Nf3 e6 3. g3 c5 4. e3 Nf6 5. Bg2 Nc6 6. O-O Be7 7. b3 cxd4 8. exd4
Qc7 9. Bb2 Ne4 10. Ne5 Nxe5 11. dxe5 f5 12. exf6 Nxf6 13. Nd2 O-O 14. c4 dxc4
15. Nxc4 Bd7 16. Qe2 Rae8 17. Rac1 Bc5 18. Be5 Qd8 19. Bxb7 Nd5 20. Rcd1 Bb5
21. Qe4 Bxc4 22. bxc4 Bxf2+ 23. Rxf2 Rxf2 24. Kxf2 Qb6+ 25. Bd4 Qxb7 26. cxd5
Rf8+ 27. Kg2 exd5 28. Qe6+ Kh8 29. Rf1 Rc8 30. Rf7 1-0

[Event "SR 5. liga SE-SI 2017/2018"]
[Site "?"]
[Date "2017.11.18"]
[Round "3.3"]
[White "Tomasovic, Pavol"]
[Black "Nater, Nikolas"]
[Result "1-0"]
[WhiteElo "1300"]
[BlackElo "1264"]
[PlyCount "57"]
[EventDate "2017.??.??"]

1. e4 e5 2. Nf3 Nc6 3. Bb5 Nf6 4. d4 exd4 5. O-O g6 6. Re1 Bg7 7. Bg5 d6 8. e5
dxe5 9. Nxe5 O-O 10. Nxc6 bxc6 11. Bxc6 Rb8 12. b3 Qd6 13. Bf3 Nh5 14. Nd2 f6
15. Nc4 Qb4 16. Bd2 Qc5 17. g4 Kh8 18. gxh5 gxh5 19. Bxh5 Bh6 20. Bxh6 Rg8+ 21.
Kh1 Bh3 22. Bf3 Qh5 23. Be4 Qf5 24. Bxf5 Bg2+ 25. Kg1 Bh3+ 26. Bg4 Rxg4+ 27.
Qxg4 Bxg4 28. Bf4 Rg8 29. Bg3 1-0

[Event "SR 5. liga SE-SI 2017/2018"]
[Site "?"]
[Date "2017.11.18"]
[Round "3.3"]
[White "Oslej, Marek"]
[Black "Novomeska, Karin"]
[Result "1-0"]
[WhiteElo "1180"]
[BlackElo "1122"]
[PlyCount "121"]
[EventDate "2017.??.??"]

1. e4 e6 2. d4 d5 3. Nc3 a6 4. Nf3 h6 5. a3 Ne7 6. Bd3 Ng6 7. O-O c5 8. Be2 Nc6
9. Be3 b6 10. Qd2 Bb7 11. exd5 exd5 12. dxc5 Bxc5 13. Bxc5 bxc5 14. Qxd5 Qxd5
15. Nxd5 O-O 16. Nc3 Rfe8 17. Rad1 Nce5 18. Nd5 Rac8 19. Rfe1 Re6 20. Nxe5 Rxe5
21. Bf3 Rce8 22. Rxe5 Nxe5 23. Nf6+ gxf6 24. Bxb7 Rb8 25. Bxa6 Rxb2 26. c4 Ra2
27. h3 Rxa3 28. Bb5 Rc3 29. Rd5 Nd3 30. Kf1 Kg7 31. g3 Kh7 32. Ke2 Nb4 33. Rxc5
Nd3 34. Rc6 Kg7 35. Kd2 Ne5 36. Kxc3 Nxc6 37. Bxc6 Kf8 38. Bd5 Ke7 39. Kd4 Kd6
40. Bxf7 Ke7 41. Bh5 Kd6 42. Ke4 Ke6 43. Bg6 Ke7 44. Kf5 Kd6 45. Kxf6 Kc5 46.
Bf7 Kd4 47. Kg6 Kc5 48. Kxh6 Kb4 49. f4 Kc5 50. g4 Kd6 51. g5 Ke7 52. Bd5 Kd6
53. g6 Kc5 54. g7 Kb4 55. g8=Q Kc3 56. Qg3+ Kb4 57. f5 Kc5 58. f6 Kb4 59. f7
Kc5 60. f8=Q+ Kb6 61. Qe3+ 1-0

[Event "SR 5. liga SE-SI 2017/2018"]
[Site "?"]
[Date "2017.11.18"]
[Round "3.3"]
[White "Novomesky, Roman"]
[Black "Valent, Tomas"]
[Result "1-0"]
[WhiteElo "1009"]
[BlackElo "1189"]
[PlyCount "35"]
[EventDate "2017.??.??"]

1. d4 d5 2. c4 dxc4 3. Nc3 Nf6 4. Bg5 b6 5. Nf3 Bb7 6. e3 e6 7. Bxc4 Bb4 8.
Qa4+ Nc6 9. Ne5 Bxc3+ 10. bxc3 Qd6 11. Bb5 Ne4 12. Bf4 a6 13. Bxc6+ Bxc6 14.
Nxc6 e5 15. Nxe5+ b5 16. Qb4 Qb6 17. c4 a5 18. Qxb5+ 1-0

[Event "SR 5. liga SE-SI 2017/2018"]
[Site "?"]
[Date "2017.11.18"]
[Round "3.3"]
[White "Otepka, Peter"]
[Black "Vozar, Adam"]
[Result "0-1"]
[WhiteElo "1063"]
[BlackElo "1058"]
[PlyCount "94"]
[EventDate "2017.??.??"]

1. e4 e5 2. Nf3 Nc6 3. Bc4 Nf6 4. Nc3 Bb4 5. d3 O-O 6. Bg5 d6 7. O-O Bg4 8. h3
Be6 9. Bb5 h6 10. Be3 Bxc3 11. bxc3 d5 12. Bc5 Re8 13. Re1 dxe4 14. dxe4 Qxd1
15. Raxd1 Bxa2 16. Nh4 Rad8 17. Rxd8 Rxd8 18. Nf5 a6 19. Bxc6 bxc6 20. Be7 Rd2
21. Bb4 Rxc2 22. Ne3 Rb2 23. Kh2 Nxe4 24. Ba3 Rxf2 25. Be7 Nxc3 26. Bh4 Re2 27.
Ng4 Rxe1 28. Bxe1 Ne2 29. Nxe5 c5 30. Ba5 c4 31. Nc6 c3 32. Bxc3 Nxc3 33. Ne7+
Kh7 34. g4 c5 35. Kg3 Ne4+ 36. Kf4 Nf2 37. h4 c4 38. g5 c3 39. gxh6 Kxh6 40.
Ng8+ Kh5 41. Kg3 c2 42. Kxf2 c1=Q 43. Kg2 Bd5+ 44. Kh3 Qc2 45. Kg3 Qg2+ 46. Kf4
g5+ 47. hxg5 Qxg5# 0-1

[Event "SR 5. liga SE-SI 2017/2018"]
[Site "?"]
[Date "2017.11.18"]
[Round "3.4"]
[White "Visvader, Kristof"]
[Black "Kaufman, Robert"]
[Result "0-1"]
[WhiteElo "1260"]
[BlackElo "1332"]
[PlyCount "120"]
[EventDate "2017.??.??"]

1. e4 e5 2. Nf3 Nc6 3. Bb5 a6 4. Bxc6 dxc6 5. d4 Bg4 6. dxe5 Qxd1+ 7. Kxd1
Bxf3+ 8. gxf3 O-O-O+ 9. Nd2 Bc5 10. Ke2 Ne7 11. Nb3 Bb6 12. Be3 Ng6 13. f4 Rd7
14. Bxb6 cxb6 15. Rad1 Nxf4+ 16. Kf3 Nh3 17. Rxd7 Kxd7 18. Rd1+ Kc7 19. Kg3 Ng5
20. Kf4 Nh3+ 21. Kg3 Ng5 22. f3 h5 23. h4 Ne6 24. f4 g6 25. f5 gxf5 26. exf5
Rg8+ 27. Kf3 Nd8 28. Nd4 c5 29. Ne2 Nc6 30. e6 fxe6 31. fxe6 Re8 32. Nf4 Nd4+
33. Ke4 Nxe6 34. Nd5+ Kc6 35. Kf5 Nd4+ 36. Kg5 Re5+ 37. Kf6 Rxd5 38. c3 Nb5 39.
Rxd5 Kxd5 40. Kg5 Ke6 41. Kxh5 Nd6 42. Kg6 b5 43. b4 cxb4 44. cxb4 b6 45. h5 a5
46. a3 axb4 47. axb4 Nf7 48. Kg7 Ke7 49. Kg6 Kf8 50. Kf6 Nd6 51. h6 Kg8 52. Kg6
Nc8 53. Kf6 Na7 54. Ke6 Nc6 55. Kd5 Nxb4+ 56. Kd4 Kh7 57. Kc3 Nc6 58. Kd3 Kxh6
59. Ke4 Kg6 60. Kd5 Nb4+ 0-1

[Event "SR 5. liga SE-SI 2017/2018"]
[Site "?"]
[Date "2017.11.18"]
[Round "3.4"]
[White "Mudroch, Martin"]
[Black "Nemeckay, Dominik"]
[Result "0-1"]
[WhiteElo "1344"]
[BlackElo "1467"]
[PlyCount "72"]
[EventDate "2017.??.??"]

1. e4 e5 2. Nf3 Nc6 3. d4 exd4 4. Nxd4 Qh4 5. Nc3 Bb4 6. Nxc6 Qxe4+ 7. Qe2
Qxe2+ 8. Bxe2 Bxc3+ 9. bxc3 dxc6 10. O-O Nf6 11. Re1 O-O 12. Bf3 Bf5 13. Re2
Rfe8 14. Bf4 Rxe2 15. Bxe2 Nd5 16. Bg3 Nxc3 17. Bd3 Bxd3 18. cxd3 Ne2+ 19. Kf1
Nxg3+ 20. hxg3 Rd8 21. Ke2 Kf8 22. Rb1 b6 23. Kd2 Ke7 24. Kc3 Kd6 25. Re1 a5
26. Re4 c5 27. Rf4 Rd7 28. a4 c6 29. Kc4 g6 30. Rf6+ Kc7 31. Rf4 f5 32. g4 Rd4+
33. Rxd4 cxd4 34. Kxd4 fxg4 35. Kc4 Kd6 36. d4 h5 0-1

[Event "SR 5. liga SE-SI 2017/2018"]
[Site "?"]
[Date "2017.11.18"]
[Round "3.4"]
[White "Visvader, Rudolf"]
[Black "Kaufman, Roman"]
[Result "1-0"]
[WhiteElo "1259"]
[BlackElo "1000"]
[PlyCount "141"]
[EventDate "2017.??.??"]

1. e4 e5 2. Nc3 Bb4 3. Bc4 Nf6 4. d3 O-O 5. f4 d6 6. f5 c6 7. Nf3 Re8 8. Bd2 b5
9. Bb3 Qb6 10. Qe2 a5 11. a3 Bc5 12. O-O-O a4 13. Ba2 Na6 14. Rde1 b4 15. Nxa4
Qa5 16. Nxc5 dxc5 17. Ng5 Re7 18. Bb3 Nc7 19. a4 Nb5 20. Be3 Nd4 21. Bxd4 cxd4
22. Kd2 c5 23. Ra1 Ba6 24. Rhc1 Rc7 25. Nf3 Rac8 26. Nxe5 c4 27. Bxc4 Bxc4 28.
Nxc4 b3+ 29. c3 Qc5 30. Ra3 Ne8 31. Qf2 Nd6 32. Nb6 Qxb6 33. cxd4 Qb4+ 34. Ke3
Rxc1 35. a5 R1c2 36. Qf4 Rxb2 37. Ra1 Rxg2 38. Kf3 Rcc2 39. Rf1 Rxh2 40. d5 h5
41. Kg3 Rcg2+ 42. Kf3 Rg4 43. Qxh2 Kf8 44. Qh3 Ke7 45. Qxh5 Rxe4 46. dxe4 Qxe4+
47. Kf2 Qd4+ 48. Kg2 Qxd5+ 49. Kg1 Qd4+ 50. Rf2 Qa1+ 51. Kg2 Qf6 52. a6 Ne4 53.
Qe2 Qd4 54. a7 Qd5 55. Kg1 Kf8 56. Rf3 Ng5 57. Re3 Qa8 58. Re8+ Qxe8 59. Qxe8+
Kxe8 60. a8=Q+ Ke7 61. Qb7+ Kf6 62. Qxb3 Kxf5 63. Kg2 f6 64. Qd5+ Kg6 65. Kg3
Kh5 66. Qh1+ Kg6 67. Kf4 Kf7 68. Qd5+ Kg6 69. Kg4 Kh6 70. Kf5 Nh7 71. Qh1# 1-0

[Event "SR 5. liga SE-SI 2017/2018"]
[Site "?"]
[Date "2017.11.18"]
[Round "3.4"]
[White "Kaufmanova, Karin"]
[Black "Buraj, Patrik"]
[Result "0-1"]
[WhiteElo "1092"]
[BlackElo "1000"]
[PlyCount "64"]
[EventDate "2017.??.??"]

1. e4 e5 2. Nf3 Nc6 3. Bc4 Nf6 4. d3 d5 5. exd5 Nxd5 6. Bg5 f6 7. Bh4 Bg4 8.
Nbd2 Qd7 9. h3 Bxf3 10. Qxf3 Ndb4 11. O-O Nxc2 12. Rac1 N2b4 13. Rc3 O-O-O 14.
a3 Nd5 15. Bxd5 Qxd5 16. Qg4+ Kb8 17. Qa4 Qd4 18. Qxd4 Nxd4 19. Rfc1 Ne2+ 20.
Kf1 Nxc1 21. Rxc1 Rxd3 22. Nf3 g5 23. Ne1 Rd2 24. Bg3 Rxb2 25. Rd1 Bxa3 26. Nd3
Rc2 27. Ne1 Ra2 28. Nf3 Re8 29. Nd2 Rd8 30. Ke1 Bb4 31. f3 Raxd2 32. Rxd2 Rxd2
0-1

[Event "SR 5. liga SE-SI 2017/2018"]
[Site "?"]
[Date "2017.12.02"]
[Round "4.1"]
[White "Fajtakova, Silvia"]
[Black "Buran, Andrej"]
[Result "1-0"]
[WhiteElo "1275"]
[BlackElo "1617"]
[PlyCount "107"]
[EventDate "2017.??.??"]

1. e4 e6 2. d4 d5 3. e5 c5 4. c3 c4 5. Be2 b5 6. b3 Bd7 7. a4 Qc7 8. axb5 Bxb5
9. bxc4 Bxc4 10. Bxc4 Qxc4 11. Qa4+ Qxa4 12. Rxa4 Nc6 13. Nf3 Nge7 14. O-O Nc8
15. Ra1 Nb6 16. Ba3 Nc4 17. Bxf8 Rxf8 18. Na3 N6a5 19. Nb5 Kd7 20. Rfd1 Rfb8
21. Na3 Rb3 22. Nxc4 Nxc4 23. Rab1 Rxc3 24. Rb7+ Ke8 25. Rdb1 Na5 26. Rb8+ Rxb8
27. Rxb8+ Ke7 28. h3 h6 29. Ra8 Rc7 30. Rg8 g6 31. Rh8 h5 32. Rh7 Nc6 33. Ng5
Nxd4 34. Rxf7+ Kd8 35. Rf6 a5 36. Nxe6+ Nxe6 37. Rxe6 Re7 38. Rd6+ Rd7 39. Rxg6
d4 40. Kf1 d3 41. Ke1 d2+ 42. Kd1 a4 43. Ra6 Rd4 44. g3 Kd7 45. f4 Rd3 46. Rxa4
Rxg3 47. Kxd2 Rxh3 48. Ra7+ Ke6 49. Ra6+ Ke7 50. f5 Rg3 51. Ra7+ Ke8 52. f6 h4
53. e6 h3 54. Ra8# 1-0

[Event "SR 5. liga SE-SI 2017/2018"]
[Site "?"]
[Date "2017.12.02"]
[Round "4.1"]
[White "Drozd, Jan"]
[Black "Tomasovic, Pavol"]
[Result "1/2-1/2"]
[WhiteElo "1537"]
[BlackElo "1300"]
[PlyCount "50"]
[EventDate "2017.??.??"]

1. d4 d5 2. c4 e6 3. Nc3 Nf6 4. Bg5 Be7 5. e3 O-O 6. Nf3 c6 7. Bd3 Nbd7 8. O-O
dxc4 9. Bxc4 Nd5 10. Bxe7 Qxe7 11. e4 Nxc3 12. bxc3 Nf6 13. Re1 a6 14. Ne5 Qc7
15. a4 c5 16. Bb3 b6 17. Nf3 Bb7 18. e5 Nd5 19. Bxd5 Bxd5 20. Qd3 Rfd8 21. Red1
cxd4 22. cxd4 Qc4 23. Qe3 b5 24. Rdc1 Qb4 25. Rcb1 Qc4 1/2-1/2

[Event "SR 5. liga SE-SI 2017/2018"]
[Site "?"]
[Date "2017.12.02"]
[Round "4.1"]
[White "Novomeska, Karin"]
[Black "Kaufman, Robert"]
[Result "1-0"]
[WhiteElo "1153"]
[BlackElo "1348"]
[PlyCount "73"]
[EventDate "2017.??.??"]

1. d4 d5 2. c4 c6 3. Nc3 Nf6 4. Nf3 Bg4 5. Bg5 Nbd7 6. b3 e6 7. a3 a5 8. e4 Be7
9. Bd3 Nxe4 10. Bxe7 Nxc3 11. Bxd8 Nxd1 12. Rxd1 Rxd8 13. Be2 Bxf3 14. Bxf3 e5
15. cxd5 cxd5 16. dxe5 Nxe5 17. Bxd5 b6 18. O-O O-O 19. Rfe1 Rfe8 20. h3 Rxd5
21. Rxd5 Nf3+ 22. gxf3 Rxe1+ 23. Kg2 g6 24. Rb5 Ra1 25. a4 h5 26. Rxb6 Ra3 27.
Rb5 Kg7 28. Kg3 Kh6 29. f4 f6 30. h4 Kg7 31. f3 Kf7 32. Rxa5 Rxb3 33. Ra7+ Ke6
34. a5 Rb4 35. a6 Kf5 36. Rb7 Rxf4 37. Rb5+ 1-0

[Event "SR 5. liga SE-SI 2017/2018"]
[Site "?"]
[Date "2017.12.02"]
[Round "4.1"]
[White "Kaufman, Roman"]
[Black "Novomesky, Roman"]
[Result "0-1"]
[WhiteElo "1000"]
[BlackElo "1009"]
[PlyCount "134"]
[EventDate "2017.??.??"]

1. e4 e6 2. d4 d5 3. e5 c5 4. c3 Nc6 5. Nf3 Qb6 6. Be3 Qxb2 7. Nbd2 Qxc3 8. Rc1
Qa5 9. Qc2 Nb4 10. Qc3 Qxa2 11. dxc5 Nc6 12. Be2 Qa5 13. Nb3 Qxc3+ 14. Rxc3
Nge7 15. O-O Ng6 16. Bb5 Bd7 17. Nbd4 a6 18. Bd3 Be7 19. Rb3 Na5 20. Rb2 Bxc5
21. Rbb1 Rb8 22. Bd2 Bxd4 23. Nxd4 Nxe5 24. Bxa6 Nec4 25. Bxc4 Nxc4 26. Rxb7
O-O 27. Rxb8 Nxd2 28. Rxf8+ Kxf8 29. Ra1 Ke7 30. Ra8 h6 31. Rg8 Kf6 32. f3 e5
33. Ne2 d4 34. Rd8 Be6 35. Ng3 Ke7 36. Ra8 d3 37. Kf2 Nc4 38. Ra7+ Kd6 39. Nh5
Kd5 40. Ke1 Kd4 41. Nxg7 Ke3 42. Nxe6 d2+ 43. Kd1 Nb2+ 44. Kc2 d1=Q+ 45. Kxb2
fxe6 46. Ra3+ Kf2 47. g4 Qe2+ 48. Ka1 Ke1 49. Ra6 Qxf3 50. Rxe6 Qf4 51. h4 e4
52. g5 hxg5 53. hxg5 e3 54. g6 e2 55. g7 Qd4+ 56. Kb1 Qxg7 57. Re3 Kd2 58. Re6
e1=Q+ 59. Rxe1 Kxe1 60. Kc2 Qd7 61. Kc3 Ke2 62. Kc4 Ke3 63. Kc5 Ke4 64. Kc4
Qc6+ 65. Kb4 Kd3 66. Kb3 Qb5+ 67. Ka3 Kc3 0-1

[Event "SR 5. liga SE-SI 2017/2018"]
[Site "?"]
[Date "2017.12.02"]
[Round "4.1"]
[White "Vozar, Adam"]
[Black "Kaufmanova, Karin"]
[Result "1/2-1/2"]
[WhiteElo "1058"]
[BlackElo "1092"]
[PlyCount "125"]
[EventDate "2017.??.??"]

1. e4 e5 2. Nf3 Nc6 3. Nc3 Nf6 4. Bb5 Bb4 5. O-O O-O 6. Bxc6 dxc6 7. d4 exd4 8.
Nxd4 Bg4 9. f3 Bh5 10. e5 Nd5 11. Nxd5 Qxd5 12. Bf4 Bc5 13. c3 Rad8 14. g4
Bxd4+ 15. cxd4 Qxd4+ 16. Qxd4 Rxd4 17. Be3 Rd3 18. Bxa7 Bg6 19. Bc5 Re8 20. f4
Rd2 21. b4 b6 22. Rfd1 Rxd1+ 23. Rxd1 bxc5 24. f5 Bxf5 25. gxf5 h6 26. Re1 f6
27. bxc5 fxe5 28. a4 Kh7 29. a5 g6 30. f6 Kg8 31. Rf1 Kf7 32. a6 e4 33. Rf4 Ra8
34. Rxe4 Rxa6 35. Rh4 h5 36. Rf4 Ra5 37. Rd4 Rxc5 38. Rd7+ Kxf6 39. Rxc7 g5 40.
Kf2 Rc2+ 41. Kf3 Rxh2 42. Rxc6+ Ke5 43. Rc5+ Kf6 44. Kg3 Rh4 45. Rc6+ Ke5 46.
Rc5+ Kf6 47. Rc6+ Ke5 48. Rc5+ Kf6 49. Rc6+ Kf5 50. Rc5+ Kf6 51. Rc6+ Kf5 52.
Rc5+ Kg6 53. Rc6+ Kf5 54. Rc5+ Kf6 55. Rc6+ Ke5 56. Rc5+ Kf6 57. Rc6+ Kg7 58.
Rc7+ Kf8 59. Rc6 Kf7 60. Rc7+ Kf6 61. Rc6+ Kg7 62. Rc7+ Kh6 63. Rc6+ 1/2-1/2

[Event "SR 5. liga SE-SI 2017/2018"]
[Site "?"]
[Date "2017.12.02"]
[Round "4.2"]
[White "Antalek, Rudolf"]
[Black "Trojkova, Michaela"]
[Result "1/2-1/2"]
[WhiteElo "1703"]
[BlackElo "1632"]
[PlyCount "34"]
[EventDate "2017.??.??"]

1. g3 d5 2. Bg2 g6 3. d3 Bg7 4. Nf3 Nf6 5. O-O O-O 6. Nbd2 c6 7. e4 dxe4 8.
Nxe4 Nxe4 9. dxe4 Qxd1 10. Rxd1 Na6 11. c3 Be6 12. Nd4 Rad8 13. Bg5 Bf6 14.
Nxe6 fxe6 15. Bh6 Bg7 16. Bxg7 Kxg7 17. f4 Nc7 1/2-1/2

[Event "SR 5. liga SE-SI 2017/2018"]
[Site "?"]
[Date "2017.12.02"]
[Round "4.2"]
[White "Hrdlicka, Martin"]
[Black "Jarabek, Milan"]
[Result "0-1"]
[WhiteElo "1413"]
[BlackElo "1745"]
[PlyCount "100"]
[EventDate "2017.??.??"]

1. e4 e5 2. Nf3 Nc6 3. Bb5 Nf6 4. O-O Nxe4 5. Re1 Nd6 6. Bxc6 dxc6 7. Nxe5 Be7
8. d4 O-O 9. Nd2 Be6 10. b3 Nb5 11. Ndf3 c5 12. Bb2 cxd4 13. Nxd4 Nxd4 14. Qxd4
Qxd4 15. Bxd4 Rad8 16. Bc3 Bf6 17. Re3 Bf5 18. Nf3 Bxc3 19. Rxc3 c6 20. Re1
Rfe8 21. Kf1 Rxe1+ 22. Kxe1 Kf8 23. Ke2 Ke7 24. Re3+ Kd6 25. c3 c5 26. Ne5 Be6
27. Rd3+ Kc7 28. Rxd8 Kxd8 29. Ke3 f6 30. Nd3 b6 31. g3 a5 32. Ke4 Kc7 33. Nc1
Kc6 34. a3 Kb5 35. f4 a4 36. b4 cxb4 37. cxb4 Kc4 38. Ke3 Kc3 39. Ne2+ Kb2 40.
Nd4 Bc4 41. Kd2 Kxa3 42. Kc3 Bb3 43. b5 Ka2 44. Nc2 Bxc2 45. Kxc2 f5 46. Kc3
Ka3 47. Kc4 Kb2 48. Kd5 a3 49. Kc6 a2 50. Kxb6 a1=Q 0-1

[Event "SR 5. liga SE-SI 2017/2018"]
[Site "?"]
[Date "2017.12.02"]
[Round "4.2"]
[White "Romanova, Ela"]
[Black "Nater, Nikolas"]
[Result "0-1"]
[WhiteElo "1418"]
[BlackElo "1264"]
[PlyCount "56"]
[EventDate "2017.??.??"]

1. e4 e5 2. Nf3 Nc6 3. Bb5 Bc5 4. Nc3 Nf6 5. d3 d6 6. Bg5 Be6 7. Nd5 h6 8. Bxf6
gxf6 9. Qd2 f5 10. O-O-O a6 11. Bxc6+ bxc6 12. Nc3 f4 13. a3 Rb8 14. Qe2 Bd4
15. Nxd4 exd4 16. Nb1 Qg5 17. Rhg1 Rg8 18. Nd2 Qb5 19. b4 a5 20. Nb3 axb4 21.
Nxd4 Qe5 22. Nb3 Bxb3 23. d4 Qa5 24. cxb3 bxa3 25. Qa2 Qc3+ 26. Kb1 Rxb3+ 27.
Qxb3 Qxb3+ 28. Kc1 Qb2# 0-1

[Event "SR 5. liga SE-SI 2017/2018"]
[Site "?"]
[Date "2017.12.02"]
[Round "4.2"]
[White "Oslej, Marek"]
[Black "Dubanova, Kristina"]
[Result "1-0"]
[WhiteElo "1180"]
[BlackElo "1021"]
[PlyCount "65"]
[EventDate "2017.??.??"]

1. e4 e5 2. Nf3 Nc6 3. Bc4 Nf6 4. Nc3 Bc5 5. d3 d6 6. Bg5 O-O 7. Nd5 Bg4 8. c3
h6 9. Bh4 Re8 10. O-O Nb8 11. Bxf6 gxf6 12. Ne3 Bh5 13. Nf5 Nd7 14. Nxh6+ Kg7
15. Nf5+ Kf8 16. Ng3 Bg4 17. h3 Be6 18. Qb3 Rb8 19. Nh4 c6 20. Nhf5 Qc7 21. d4
exd4 22. cxd4 Bb6 23. Rad1 Rbc8 24. Rfe1 d5 25. exd5 cxd5 26. Bxd5 Bxd5 27.
Qxd5 Ba5 28. Rxe8+ Rxe8 29. Nd6 Re7 30. Ngf5 Kg8 31. Nxe7+ Kg7 32. Qxf7+ Kh6
33. Qg6# 1-0

[Event "SR 5. liga SE-SI 2017/2018"]
[Site "?"]
[Date "2017.12.02"]
[Round "4.2"]
[White "Paksi, Alexander"]
[Black "Valent, Tomas"]
[Result "0-1"]
[WhiteElo "1000"]
[BlackElo "1189"]
[PlyCount "88"]
[EventDate "2017.??.??"]

1. e4 e5 2. Nf3 d6 3. d3 Nc6 4. Be2 Be7 5. O-O Be6 6. Nc3 Nf6 7. b3 Qd7 8. h3
O-O-O 9. Ba3 Kb8 10. Bc1 Nd4 11. Be3 Nxe2+ 12. Qxe2 Nh5 13. Qd2 f5 14. exf5
Bxf5 15. Qc1 Be6 16. Qa3 a6 17. b4 d5 18. b5 Bxa3 19. bxa6 Qc6 20. a7+ Ka8 21.
Nb1 Bb2 22. Nbd2 Bxa1 23. Rxa1 e4 24. Nh2 Qd7 25. Rb1 Nf6 26. Nb3 Bxh3 27. Na5
b6 28. Nb3 exd3 29. cxd3 Kxa7 30. Rf1 Bxg2 31. Kxg2 d4 32. Bf4 Qd5+ 33. Kg1 Kb7
34. Nc1 Nh5 35. Bg3 g5 36. Ne2 Rde8 37. a4 Rxe2 38. a5 Nf4 39. f3 Rg2+ 40. Kh1
Rxg3 41. Rf2 Nh3 42. Rf1 Re8 43. axb6 cxb6 44. Re1 Nf2# 0-1